Piłkarze z Serie A w tegorocznym PNA - Statystyki

Ogólne statystyki
  • Ten quiz został rozwiązany 29 razy
  • Średni wynik to 7 z 17
Statystyki odpowiedzi
PIŁKARZE REPREZENTACJA KLUB % Poprawnych
Victor Osimhen Nigeria SSC Napoli
93%
Ismaël Bennacer Algieria AC Milan
86%
Frank Anguissa Kamerun SSC Napoli
82%
Ademola Lookman Nigeria Atalanta
75%
Samuel Chukwueze Nigeria AC Milan
68%
Boulaye Dia Senegal US Salernitana
57%
Houssem Aouar Algieria AS Roma
54%
Evan Ndicka WKS AS Roma
46%
Christian Kouamé WKS Fiorentina
29%
Lameck Banda Zambia US Lecce
29%
Zito Luvumbo Angola Cagliari
21%
Lassana Coulibaly Mali US Salernitana
18%
José Machín Gwinea Równikowa AC Monza
11%
Ahmed Touba Algieria US Lecce
7%
Jovane Republika Zielonego Przylądka US Salernitana
7%
Hamza Rafia Tunezja US Lecce
4%
Oussama El Azzouzi Maroko FC Bologna
4%
Nie znaleziono quizów pasujących do podanych kryteriów
Rozkład punktacji
Procent ludzi z każdym wynikiem
Percentyl według liczby udzielonych odpowiedzi
Twoja historia wyników
Nie rozwiązałeś tego quizu